Woo, wow, and win : service design, strategy, and the art of customer delight /

Woo, Wow, and Win reveals the importance of designing your company around service, and offers clear, practical strategies based on the idea that the design of services is markedly different than manufacturing. Bestselling authors and business experts Thomas A. Stewart and Patricia O'Connell con...

Full description

Bibliographic Details
Main Author: Stewart, Thomas A.
Corporate Author: HighBridge Audio (Firm)
Other Authors: O'Connell, Patricia, Chamberlain, Mike (Narrator)
Format: Audio eBook
Language:English
Published: Minneapolis, Minn. : Highbridge Audio, Â2016.
Edition:Unabridged.
Subjects:
Online Access:Connect to the full text of this electronic book

MARC

Tag First Indicator Second Indicator Subfields
LEADER 00000cim a2200000Ma 4500
001 in00004668024
006 m o h
007 sz zunnnnnuneu
007 cr nnannnuuuua
008 121004s2016 mnunnnn o z n eng d
005 20260129162748.7
020 |a 9781681684062  |q (electronic audio bk.) 
020 |a 1681684063  |q (electronic audio bk.) 
028 0 2 |a Z100118887  |b Recorded Books 
035 |a (OCoLC)965413623 
037 |a 22487707-8D46-4B11-85D7-BF592DBCA5AA  |b OverDrive, Inc.  |n http://www.overdrive.com 
037 |a 9781681684062  |b O'Reilly Media 
040 |a RECBC  |b eng  |c RECBC  |d OCLCO  |d TEFOD  |d OCLCF  |d OCLCQ  |d OCLCO  |d ORMDA  |d OCLCO 
049 |a TXAM 
050 4 |a HF5415.5 
082 0 4 |a 658.8/12  |2 23 
100 1 |a Stewart, Thomas A. 
245 1 0 |a Woo, wow, and win :  |b service design, strategy, and the art of customer delight /  |c Thomas A. Stewart and Patricia O'Connell. 
250 |a Unabridged. 
260 |a Minneapolis, Minn. :  |b Highbridge Audio,  |c Â2016. 
300 |a 1 online resource (8 hr., 44 min.) 
336 |a spoken word  |b spw  |2 rdacontent 
337 |a computer  |b c  |2 rdamedia 
338 |a online resource  |b cr  |2 rdacarrier 
500 |a Downloadable audio file. 
511 0 |a Narrated by Mike Chamberlain. 
520 |a Woo, Wow, and Win reveals the importance of designing your company around service, and offers clear, practical strategies based on the idea that the design of services is markedly different than manufacturing. Bestselling authors and business experts Thomas A. Stewart and Patricia O'Connell contend that most companies, both digital and brick-and-mortar, B2B or B2C; are not designed for service-to provide an experience that matches a customer's expectations with every interaction and serves the company's needs. When customers have more choices than ever before, study after study reveals that it's the experience that makes the difference. To provide great experiences that keep customers coming back, businesses must design their services with as much care as their products. Innovative yet grounded in real world examples, Woo, Wow, and Win is the key strategy for winning customers-and keeping them. 
650 0 |a Business. 
650 6 |a Affaires. 
650 7 |a businesses (business enterprises)  |2 aat 
650 7 |a BUSINESS & ECONOMICS  |x General.  |2 bisacsh 
650 7 |a Business.  |2 fast  |0 (OCoLC)fst00842262 
655 4 |a Downloadable audio books. 
655 7 |a Audiobooks.  |2 fast  |0 (OCoLC)fst01726208 
655 7 |a Audiobooks.  |2 lcgft 
655 7 |a Livres audio.  |2 rvmgf 
700 1 |a O'Connell, Patricia. 
700 1 |a Chamberlain, Mike.  |4 nrt 
710 2 |a HighBridge Audio (Firm) 
856 4 0 |u https://proxy.library.tamu.edu/login?url=https://go.oreilly.com/TAMU/library/view/-/9781681684062/?ar  |z Connect to the full text of this electronic book  |t 0 
955 |a Safari/O'Reilly ebooks 
994 |a 92  |b TXA 
999 f f |s dbf47c00-9cbd-48e9-8f1a-88f4509e102e  |i eee9d00d-4cf9-47a5-8897-a85826a23144  |t 0 
952 f f |a Texas A&M University  |b College Station  |c Electronic Resources  |s www_evans  |d Available Online  |t 0  |e HF5415.5   |h Library of Congress classification 
998 f f |a HF5415.5   |t 0  |l Available Online